000 00320nam a2200133Ia 4500
005 20260328101518.0
008 260328s9999||||xx |||||||||||||| ||und||
100 _aDe Coulanges, Fustel
245 0 _aLa Ciudad Antigua /
_cFustel De Coulanges
260 _bIberia
300 _a506 p.
650 _aURBANISMO
942 _cBK
999 _c9455
_d9455